000 00710nam a22002417a 4500
003 OSt
005 20260406110406.0
008 260406b |||||||| |||| 00| 0 eng d
020 _a9780716638087
040 _cHS LRC
050 _aD 767
_b.F524wo 2018
100 _aFirme, Tom
_9131530
245 _aWorld war I /
_cTom Firme
260 _aChicago, Illinois :
_bWorld Book,
_cc2018.
265 _aPES
300 _a128 pages :
_bcolor illustrations ;
_c24 cm.
365 _b2,250.00
440 _aHistory Summarized
_9131531
504 _aIncludes index.
650 _aWorld war, 1939-1945
_xCampaigns
_yPacific Area
_9131536
650 _aWorld war, 1939-1945
_xCampaigns
_yAsia
_9131537
942 _2lcc
_cBK
999 _c94046
_d94046